| 000 | 00943nam a22002417a 4500 | ||
|---|---|---|---|
| 001 | 57180 | ||
| 003 | BD-RjUL | ||
| 005 | 20211209080457.0 | ||
| 008 | 161206s1958 ii ||||| |||| 00| 0 ben d | ||
| 035 | _a(BD-RjUL) | ||
| 040 |
_aBD-RjUL _bben _cBD-RjUL _dBD-RjUL |
||
| 041 | _aben | ||
| 082 |
_223 _a294.592503 _bPUR 1958 |
||
| 245 | 0 | 0 |
_aপৌরাণিক অভিধান / _c সুধীরচন্দ্র সরকার সংকলিত |
| 250 | _a১ম সং | ||
| 260 |
_aকলিকাতা : _bএম. সি. সরকার, _c১৯৫৮ |
||
| 300 |
_a[৩০], ৪৭৯ পৃ. : _bচিত্র ; _c১৭ সেমি. |
||
| 500 | _aনির্ঘন্ট সম্বলিত | ||
| 650 |
_aপুরাণ _xঅভিধান _9169833 |
||
| 650 |
_aPuranas _xDictionaries _9169834 |
||
| 700 |
_aসরকার, সুধীরচন্দ্র, সংকলক _9136154 |
||
| 942 |
_2ddc _cREF |
||
| 999 |
_c57180 _d57180 |
||